| Tag |
First Indicator |
Second Indicator |
Subfields |
| LEADER |
00000ckm a2200000Ii 4500 |
| 001 |
in00004056721 |
| 005 |
20190129091541.0 |
| 007 |
kk co| |
| 008 |
190125s2018 xxu ineng d |
| 035 |
|
|
|a (OCoLC)on1083360012
|
| 040 |
|
|
|a TXA
|b eng
|e rda
|c TXA
|
| 035 |
|
|
|a (OCoLC)1083360012
|
| 050 |
|
4 |
|a PN1995.9.P5
|b S53 2018
|
| 049 |
|
|
|a TXAM
|
| 100 |
1 |
|
|a Sienkiewicz, Bill,
|e artist.
|
| 245 |
1 |
0 |
|a [Spider-Man, into the Spider-Verse].
|
| 264 |
|
1 |
|a [United States] :
|b [Cinemark],
|c [2018]
|
| 300 |
|
|
|a 1 poster :
|b color ;
|c 43 x 28 cm
|
| 336 |
|
|
|a still image
|b sti
|2 rdacontent
|
| 337 |
|
|
|a unmediated
|b n
|2 rdamedia
|
| 338 |
|
|
|a sheet
|b nb
|2 rdacarrier
|
| 500 |
|
|
|a Title devised by cataloger.
|
| 500 |
|
|
|a No text.
|
| 520 |
|
|
|a Limited edition lithographic poster featuring Miles Morales, Spider-Man, Spider-Gwen, and Spider-Ham.
|
| 541 |
0 |
|
|a Donated by Michael Phillips
|d 20190109
|
| 630 |
0 |
0 |
|a Spider-Man, into the Spider-Verse (Motion picture)
|v Posters.
|
| 600 |
0 |
0 |
|a Spider-Man
|c (Fictitious character)
|v Posters.
|
| 650 |
|
0 |
|a Superheroes
|v Posters.
|
| 655 |
|
7 |
|a Film posters.
|2 lcgft
|
| 710 |
2 |
|
|a Cinemark, Inc.,
|e issuing body.
|
| 994 |
|
|
|a C0
|b TXA
|
| 948 |
|
|
|a cataloged
|b h
|c 2019/1/25
|d o
|e nbehmer
|f 5:00:24 pm
|
| 999 |
f |
f |
|s 79ce3bc2-bf2f-3e1f-a836-51cf7a1f29fd
|i 5a319a43-aa9b-3397-a99b-0c300287375c
|t 0
|
| 952 |
f |
f |
|p noncirc
|a Texas A&M University
|b College Station
|c Cushing Memorial Library & Archives
|d Cushing: Science Fiction (Does not check out)
|t 0
|e PN1995.9.P5 S53 2018
|f Flat File
|h Library of Congress classification
|i unmediated -- sheet
|
| 998 |
f |
f |
|a PN1995.9.P5 S53 2018
|t 0
|l Cushing: Science Fiction (Does not check out)
|